| 000 | 00466nam a2200181Ia 4500 | ||
|---|---|---|---|
| 001 | 8977 | ||
| 005 | 20260306160649.0 | ||
| 008 | 260306t2010||||xx |||||||||||||| ||spa|| | ||
| 041 | _aESP | ||
| 082 |
_a371.926 _bV934 |
||
| 100 |
_aVeiga Alén, Matilde _eAUT |
||
| 245 | 0 |
_aDificultades de aprendizaje: _bdetección, prevención y tratamiento |
|
| 260 | _c2010 | ||
| 300 |
_a157 páginas :a _c24 cm. |
||
| 650 | _aGEN | ||
| 654 | _aCED | ||
| 942 |
_cLIB _dJUS _fJUS _2ddc _n |
||
| 999 |
_c8977 _d8977 |
||